Statystyki dla Klasyfikacja medalowa Pucharu Narodów Afryki w piłce nożnej

Kliknij tutaj aby rozwiązać quiz!

Ogólne statystyki

  • Ten quiz został rozwiązany 63 razy
  • Średni wynik to 17 z 20

Statystyki odpowiedzi

Reprezentacja123Łącznie% Poprawnych
Egipt73313
100%
Ghana45110
95%
Maroko1113
95%
Senegal1203
95%
Kamerun5229
91%
Republika Południowej Afryki1113
91%
Wybrzeże Kości Słoniowej2248
91%
Nigeria34815
89%
Demokratyczna Republika Konga2024
88%
Tunezja1214
86%
Algieria2125
84%
Kongo1001
82%
Zambia1236
82%
Mali0123
77%
Sudan1214
77%
Etiopia1113
75%
Libia0101
75%
Gwinea0101
70%
Burkina Faso0112
68%
Uganda0101
54%

Rozkład punktacji

Percentyl według liczby udzielonych odpowiedzi

Procent ludzi z każdym wynikiem

Twoja historia wyników

Nie rozwiązałeś tego quizu